Est-ce si évident ? - Statistiques

Statistiques générales
  • Ce quiz a été pris 187 fois
  • Le résultat moyen est 10 sur 15
Statistiques - réponses
Question Réponse % Correct
La guerre de Cent Ans a duré cent ans Faux
97%
Les cochons d'Inde viennent d'Inde Faux
90%
Les mille-pattes ont en moyenne mille pattes Faux
90%
Les 24 Heures du Mans durent 24 heures Vrai
85%
Star Wars, épisode I : La Menace fantôme est le premier film Star Wars sorti au cinéma Faux
78%
L'équateur traverse l'Équateur Vrai
76%
L'UEFA Euro 2020 a eu lieu en 2020 Faux
71%
Il y a trois mousquetaires dans Les Trois Mousquetaires Faux
70%
San Salvador est la capitale du Salvador Vrai
70%
L'Eau de Cologne est originaire de Cologne Vrai
64%
Brice 3 est le troisième volet de la série de films Brice de Nice Faux
63%
Le hautbois est un instrument de musique de la famille des bois Vrai
48%
Louis VII a été roi de France après Louis VI Vrai
43%
Le mot allemand "Zitrone" signifie "Citron" Vrai
39%
L'Oktoberfest commence en octobre Faux
32%
Aucun quiz correspondant
Distribution des résultats
% des personnes avec chaque résultat
Percentile par nombre de réponses
Votre historique - résultats
Vous n’avez pas pris ce quiz